000 00462nam a22001575i 4500
001 52967
003 ES-MaACL
007 t|
008 950906s1891 ve ||||1| spa d
040 _aCAM
_bspa
_cCAM
100 1 _aDominici, Anibal.
_945259
245 1 0 _aComentarios al Código de Comercio venezolano /
_cpor Anibal Dominici.
260 _aCaracas :
_b[s.n.],
_c1891 (
_ftipografía el Cojo)
300 _aXIV, 746 p. ;
_c23 cm.
852 _aES-MaACL
_jG-11451
999 _c52967
_d52967